Statistics for Marvel Dark Reign

Click here to take the quiz!

General Stats

  • This quiz has been taken 15 times
  • The average score is 12 of 22

Answer Stats

OrigionalReplacement% Correct
WolverineDaken
90%
AvengersDark Avengers
90%
X-MenDark X-Men
90%
Iron Patriot/Director of SHIELDGreen Goblin
90%
HawkeyeBullseye
80%
BeastDark Beast
80%
SHIELDHAMMER
80%
Ms MarvelMoonstone
80%
Spider-ManVenom
80%
Thor/HerculesAres
60%
IlluminatiCabal
60%
Captain MarvelNoh-Varr
50%
Ant-ManEric O'Grady
40%
AngelMimic
40%
Professor XMystique
40%
Young AvengersYoung Masters
40%
HulkSkaar
30%
She HulkLyra
20%
EnchantressSylvie Lushton
20%
Fifty State InitiativeThunderbolts Initiative
20%
PunisherExecutioner
10%
Natasha RomanoffYelena Boleva
10%

Score Distribution

Percentile by Number Answered

Percent of People with Each Score

Your Score History

You have not taken this quiz